| 000 | 00512nam a22001817a 4500 | ||
|---|---|---|---|
| 999 |
_c121224 _d121224 |
||
| 008 | 160218b2013 xxu||||| |||| 00| 0 eng d | ||
| 020 | _a9781408295274 | ||
| 041 | _aeng | ||
| 100 | _aWild, Charles | ||
| 245 | _aSmith and Keenan's English law | ||
| 250 | _a17th ed | ||
| 260 |
_aHarlow _bPearson _c2013 |
||
| 300 | _a975 p 25cm | ||
| 520 | _aProvides an overview of the English legal system including statute and case law. | ||
| 651 | _aUnited Kingdom 1973 | ||
| 700 | _aWeinstein, Stuart | ||
| 942 | _n0 | ||